1336 1980 1885 1984 1329 1401 1593 1955 1502 1500 1641 1373 1970 1763 1140 1805 1011 1533 1993 1387 1094 1809 1805 1331 1176 1391 1678 1356 1341 1093 1141 1959 1682 1049 1006 1996 1224 1790 1568 1335 1952 1562 1491 1276 1036 1314 1267 1330 1764 1623 1816 1873 1424 1069 1783 1737 1131 1362 1215 1454 1008 1429 1040 1224 1139 1574 1466 1996 1108 1883 1469 1624 1918 1222 1626 1385 1444 1909 1574 1287 1980 1669 1308 1335 1729 1307 1837 1798 1918 1887 1696 1177 1085 1624 1217 1373 1773 1642 1706 BCNSPRNW ULIB Ver.6.0+V

เปลี่ยนเป็นภาษาไทย

Change to English
 แสดงรายละเอียดบรรณานุกรม
  กลับหน้าหลัก

Brief Record : Get Marc (ISO 2709) : E-mail record : QR code < ปิดหน้าต่าง
LEADER : 00000nam 2200000uu 4500
001    13399112880
003     ULIB
008    110915s2553||||th 000 0 tha d
024    9789740326700
050  4 H62.A5^bอ622ก 2553
100 0  อาทิวรรณ โชติพฤกษ์.
245 10 ก้าวสู่ความเป็นนักวิจัยมืออาชีพ /^cโดย อาทิวรรณโชติพฤกษ์.
246 30 ก้าวสู่ความเป็นนักวิจัยมืออาชีพ
260    กรุงเทพฯ : โรงพิมพ์แห่งจุฬาลงกรณ์มหาวิทยาลัย,^c2553.
300    145 หน้า: ภาพประกอบ ; 21 ซม.
650  0 พิษวิทยาทางสัตวแพทย์.
650  0 วิจัย -- การเขียน.
945    ^p130^l0^i030525
945    ^p130^l0^i030526
995     เกษร
999 ^a ใช้งานได้ทุกระบบ
รายการนี้ยังไม่มีแท็ก
คุณยังไม่ได้ล็อกอิน คุณสามารถมีกิจกรรมร่วมกับเว็บไซต์ได้ แต่ต้องล็อกอินก่อน ::
  ล็อกอิน

รายการสื่อสารสนเทศ

ลำดับที่ ประเภท เลขเรียก/บาร์โค้ด สถานที่ สถานะ
- ไม่พบข้อมูล -

BibComment


ยังไม่เคยถูกคอมเมนท์

คอมเมนท์ทรัพยากรรายการนี้
  คอมเมนท์: ก้าวสู่ความเป็นนั..


 Copyright 2026. Bcnsprnw @Library